[Event "Mostoles op 6th"]
[Site "Mostoles"]
[Date "2013.07.16"]
[Round "1"]
[White "Cortijo Manso, Luis"]
[Black "Garrido Martin, Luis"]
[Result "1/2-1/2"]
[WhiteElo "1502"]
[BlackElo "1871"]
[PlyCount "94"]
[EventDate "2013.07.16"]
[EventType "swiss"]
[EventRounds "9"]
[EventCountry "ESP"]
[SourceTitle "EXT 2014"]
[Source "ChessBase"]
[SourceDate "2013.11.20"]
[SourceVersion "1"]
[SourceVersionDate "2013.11.20"]
[SourceQuality "1"]

1. d4 Nf6 2. Nf3 d5 3. g3 Bf5 4. Bg2 Qd7 5. 0-0 Bh3 6. Nbd2 Bxg2 7. Kxg2 Nc6 8. c4 e6 9. a3 Be7 10. Qc2 Rd8 11. e3 0-0 12. cxd5 Qxd5 13. Qc4 Qd6 14. b4 a6 15. Bb2 Rfe8 16. Rac1 Nd5 17. Ne4 Qd7 18. Nc5 Bxc5 19. bxc5 Nde7 20. Qc2 Ng6 21. Qb3 Rb8 22. Qc3 f6 23. Rfd1 Nd8 24. e4 c6 25. Qb3 Nf7 26. d5 exd5 27. exd5 cxd5 28. Rxd5 Qe6 29. Rcd1 b6 30. cxb6 Rxb6 31. Qc2 Rc8 32. Qd2 Rcb8 33. Bc1 Rb3 34. Re1 Qg4 35. Rd3 Rxd3 36. Qxd3 a5 37. Bd2 Rd8 38. Qc3 a4 39. Qe3 Nge5 40. h3 Qc4 41. Nxe5 Nxe5 42. Bb4 Qc6+ 43. Qe4 Qd7 44. Re2 h6 45. Rd2 Qc8 46. Rc2 Qd7 47. Rd2 Qc8 1/2-1/2